000 01335cam a2200277 a 4500
003 OSt
005 20160827144144.0
008 031204s2004 mau b 001 0 eng
020 _a1405108541 (hardcover : alk. paper)
020 _a9781405108539
040 _aDLC
_cDLC
_dDLC
_bara
043 _ae-uk---
_an-us---
082 0 0 _a820.9112
_222
_bADM
100 1 _aAyers, David,
_d1960-
_956399
245 1 0 _aModernism :
_ba short introduction /
_cDavid Ayers.
250 _aط. 1.
260 _aMalden, MA :
_bBlackwell Pub.,
_c2004.
300 _axii, 153 p. ;
_c24 cm.
440 0 _aBlackwell introductions to literature
_956385
504 _aIncludes bibliographical references (p. [135]-148) and index.
505 0 _aH.D., Ezra Pound and imagism -- T.S. Eliot and modernist reading -- 'The waste land', Nancy Cunard, and Mina Loy -- Wallace Stevens and romantic legacy -- Wyndham Lewis : genius and art -- James Joyce : Ulysses and love -- D.H. Lawrence : jazz and life -- Virginia Woolf : art and class -- The modernity of Adorno and Benjamin -- The post-structuralist inflection.
650 0 _aEnglish literature
_y20th century
_xHistory and criticism.
_97494
650 0 _aModernism (Literature)
_zEnglish-speaking countries
_98536
650 0 _aAmerican literature
_y20th century
_xHistory and criticism.
_97623
942 _cBOOK
999 _c39729
_d274229